000 00382nam a2200145Ia 4500
008 230312s9999||||xx |||||||||||||| ||und||
082 _a658.4038
_bOBR
100 _aObrian, James A
245 0 _aManagement Information System
260 _bMcGraw Hill
_aLondon
_c2002
300 _a565
546 _aEng.
650 _aManagement
_vssentials for the e-business enterprise
942 _cBK
999 _c505
_d505